1779 1677 1399 1659 1758 1674 1398 1945 1592 1073 1874 1222 1656 1220 1733 1040 1008 1918 1819 1284 1846 1102 1412 1579 1807 1743 1894 1749 1151 1468 1019 1395 1225 1436 1889 1620 1678 1979 1769 1093 1210 1256 1801 1653 1975 1836 1630 1023 1544 1899 1179 1167 1240 1947 1704 1585 1875 1016 1847 1628 1791 1817 1695 1275 1299 1672 1692 1336 1986 1942 1321 1602 1368 1872 1288 1037 1964 1500 1694 1898 1949 1473 1408 1572 1091 1082 1040 1609 1303 1624 1981 1671 1515 1604 1945 1203 1070 1533 1485 BCNSPRNW ULIB Ver.6.0+V

เปลี่ยนเป็นภาษาไทย

Change to English
 แสดงรายละเอียดบรรณานุกรม
  กลับหน้าหลัก

Brief Record : Get Marc (ISO 2709) : E-mail record : QR code < ปิดหน้าต่าง
LEADER : 00000nam 2200000uu 4500
001    13399123129
003     ULIB
008    140325s2550||||th 000 0 tha d
020    9789748102146
099    นว.^bอ336ท
100 0  อรพิม
245 00 ทางแสงดาว^cอรพิม
260    กรุงเทพฯ:^bพิมพ์คำ,^c2550
300    408 หน้า
945    ^p240^l0^i022023
999    ^aเกษร โพธิ์สุวรรณ
รายการนี้ยังไม่มีแท็ก
คุณยังไม่ได้ล็อกอิน คุณสามารถมีกิจกรรมร่วมกับเว็บไซต์ได้ แต่ต้องล็อกอินก่อน ::
  ล็อกอิน

รายการสื่อสารสนเทศ

ลำดับที่ ประเภท เลขเรียก/บาร์โค้ด สถานที่ สถานะ
1. นวนิยาย
นวนิยาย
นว. อ336ท  
  Barcode: 022023
ห้องสมุดวิทยาเขตสวรรค์ประชารักษ์
►นวนิยาย
บนชั้น
  ขอยืม

รายการใกล้เคียง
    ผู้แต่ง [อรพิม]

BibComment


ยังไม่เคยถูกคอมเมนท์

คอมเมนท์ทรัพยากรรายการนี้
  คอมเมนท์: ทางแสงดาว อรพิม


 Copyright 2026. Bcnsprnw @Library